MDQL
is popping MORE tags! Check the
thread
!
Quizzes
Events
Quiz Creation
Community
Videos
Private Events
Remove Ads
Sign In
Join for FREE
Feedback
Dark Mode
Quiz Categories
Sports
Geography
Music
Movies
Television
Just For Fun
Miscellaneous
History
Literature
Language
Science
Gaming
Entertainment
Religion
Holiday
For Kids
Quiz Lab
Recent
Popular Today
Quiz Kudos Today
Editor Picks
Curator Picks
Quizzes by...
Day
Popularity
Type
Ratings
Length
Year
Community
Subscriptions
Recent Discussions
Orange Saloon
Badges
Playlists
Quests
Create
Leaderboards
Showdown
Live 5
Trivia Bingo
Activity
Puzzle Library
Sporcle Events
Private Events
Virtual Trivia
Globe League
Become a Host
Pub Owners
SporcleCon
Opinionation
Our Games
Videos
Blog
Mobile Apps
Partnerships
Remove Ads and Go Orange
Feedback
Music
Pop Music
The Beatles
Song
Album
Lyrics
Bands
Singers
Artist
Clip
Rock
Rap
Classical
Billboard
Country Music
Kpop
Taylor Swift
Music
Pop Music
The Beatles
Song
Album
Lyrics
Bands
Singers
Artist
Clip
Rock
Rap
Classical
Billboard
Country Music
Kpop
Taylor Swift
Random Quiz
Search Sporcle
×
Quiz Lab
Quiz Lab
Music
Song
Type in answers that appear in a list
Type in answers that appear in a list
Classic
Best Score? Go Orange.
Brad Paisley Beat This Summer Tour songs Stats
Can you name the Brad Paisley Beat This Summer Tour songs
By
BPfan9453
15m
25 Questions
81 Plays
81 Plays
81 Plays
Comments
Comments
Give Quiz Kudos
Give Quiz Kudos
-
- Ratings
hide this ad
Replay
Link that replays current quiz
Next Quiz
Link to next quiz in quiz playlist
You Got
0%
They Got
Avg Score
70%
Avg Friend Score
Upgrade to see
Score Distribution
Jump to the score distribution portion of the page
Score
0/25
Timer
15:00
0
Plays Today
Hint
Answer
% Correct
Wheelhouse
Southern Comfort Zone
85.7%
Mud on the Tires
Mud on the Tires
85.7%
Wheelhouse
Beat This Summer
85.7%
American Saturday Night
American Saturday Night
81%
Mud on the Tires
Celebrity
71.4%
American Saturday Night
Then
71.4%
5th Gear
Online
71.4%
5th Gear
Ticks
71.4%
This is Country Music
This is Country Music
66.7%
5th Gear
I'm Still a Guy
66.7%
This is Country Music
Old Alabama
61.9%
American Saturday Night
Water
61.9%
Wheelhouse
The Mona Lisa
57.1%
Hint
Answer
% Correct
Time Well Wasted
Alcohol
57.1%
Wheelhouse
Outstanding in our Field
52.4%
Time Well Wasted
She's Everything
52.4%
Part II
I'm Gonna Miss Her
52.4%
Play
Waiting on a Woman
47.6%
This is Country Music
Remind Me
47.6%
Time Well Wasted
The World
38.1%
Wheelhouse
Karate
33.3%
Avicii
Levels
23.8%
Alan Jackson Cover
Country Boy
23.8%
This is Country Music
Eastwood
19%
Brooks and Dunn Cover
Boot Scooting Boogie
19%
Quiz Playlist
Details
Report
Send in Message
Add To Playlist
Classic:
Type in answers that appear in a list
Last Updated: Feb 16, 2017
Quiz Scoreboard
CHALLENGE
Sign Up to Join the Scoreboard
Show All
Scores
Hide
Comments
May contain spoilers
Recently Published
1-10 Letter E Words III
by El_Dandy
Language
2m
Street Fighter Characters
by Artimus82
Gaming
60s
College Basketball Coaching Resumes
by pancakes188
Sports
9m
More to Explore
Quiz From the Vault
Featured Blog Post
Where Did the Easter Bunny Come From?
hide this ad
You Might Also Like...
Tags
Song Quiz
brad
Brad Paisley
Concert
Paisley
Today's Top Quizzes in Music
Browse Music
hide this ad
Today's Top Quizzes in Song
Browse Song
Top Contributed Quizzes in Music
1
Taylor Swift All Songs (2024)
2
Taylor Swift Logic Puzzle
3
Guess the Artist- 70s Songs
4
7-to-1: Billboard Hot 100 #1 Hits of 2010s
5
Sorting Albums and Songs
6
Billboard Blitz: Aretha Franklin
7
KPOP LOGIC QUIZ
8
Guess the Taylor Swift song (Mystery Song)
9
Guess The Taylor Swift Lyrics Song #1
10
Billboard Blitz: ABBA
Explore More
Trending Topics
Marvel
Kpop
Harry Potter
Anime
Disney
NBA
Crossword
The Office
Puzzle
Pokémon
WWE
Country
Soccer
NFL
Song
hide this ad
More By:
BPfan9453
Quiz
Plays
Rating
Category
Featured
Created
Chicago Cubs Postseason Opponents 2015-2018
317
3.00
Sports
Feb 14, 2019
Brad Paisley He Didn't Have to Be lyrics
291
3.67
Music
May 14, 2014
Brad Paisley Then lyrics
284
2.33
Music
May 16, 2014
Brad Paisley Waiting on a Woman lyrics
243
2.00
Music
Jul 1, 2014
Brad Paisley American Saturday Night lyrics
151
Music
Jun 27, 2014
Go to Creator's Profile
Score Distribution
Quiz Creator Spotlight
BPfan9453
Follow
Send a Message
Quizzes Created
-
Created Quiz Play Count
-
More By This Creator
Popular Quizzes Today
1
Find the US States - No Outlines Minefield
2
Find the Countries of Europe - No Outlines Minefield
3
The Countries of the World
4
Find the US States
5
Risky Map Clicking: Biggest States A-Z
6
US States
7
Popular People in 1961
8
Movies - When Are They Set?
More Music Quizzes
guess the taylor swift song
Quiz Lab
Trending Quizzes
Risky Map Clicking: Least Populous States A-Z
Billboard Blitz: Aretha Franklin
Famous Russians: Author or Composer?
1-10 Letter G Words
Countries of the World: 200 Million BC
Recently Updated
Leaping Animals
pecheneg
Reality TV Shows (A-Z)
bhenderson79
Rickey Henderson's Hall of Fame Teammates
pecheneg
Champions League XIs: Arsenal
pecheneg
Quick Pick: Celebrities in WWE's Hall of Fame
aduchscher
A-Z Keypad Blitz II
pecheneg
Multiple Oscar Actors
pecheneg
Mystery Phrase Blitz: Oscar 'Best Actors'
pecheneg
F. Scott Fitzgerald Novels
LTH
Pick 3 Villains
ddd62291
Trending Topics
Marvel
Harry Potter
Disney
Kpop
Crossword
NBA
Anime
Country
Puzzle
Song
Soccer
Pokémon
The Office
WWE
NFL
Your Account Isn't Verified!
In order to create a playlist on Sporcle, you need to verify the email address you used during registration. Go to your
Sporcle Settings
to finish the process.
Report this User
Report this user for behavior that violates our
Community Guidelines
.
Details:
Send Report
Go to the Sporcle.com Mobile Site →
Comments